000 00517nam a2200181Ia 4500
005 20240823032742.0
008 240823s9999||||xx |||||||||||||| ||und||
020 _a978-81-7319-791-8
041 _aENGLISH
082 _A510.1 Q0
100 _aShashishekar Shivaswamy
245 0 _aFinite Element analysis and programming an Introduction
250 _a1st
260 _c2010
_bNarosa Publishing House New
500 _aTRANSFERED
650 _aFinite Element Analysis
_bAeronautical Engineering
942 _cBK
999 _c194173
_d194173